Estadísticas para 15 principales países con muertes de Covid-19 - 25 abr 2021

Haz click aquí para intentar la prueba.

Estadísticas generales

  • Esta prueba ha sido intentada 5 veces
  • La puntuación promedio es 12 de 24

Estadísticas de respuestas

país% Correcto
Brasil
80%
España
80%
Estados Unidos
80%
India
80%
México
80%
Rusia
80%
Alemania
60%
Argentina
60%
Colombia
60%
Francia
60%
Italia
60%
Reino Unido
60%
Bélgica
40%
Bosnia y Herzegovina
40%
Chequia
40%
Eslovenia
40%
Hungría
40%
Irán
40%
Polonia
40%
Bulgaria
20%
Croacia
20%
Eslovaquia
20%
Macedonia del Norte
20%
Perú
20%

Distribución de puntuación

Porcentaje por número respondido

Porcentaje de gente con cada puntuación

Historial de tus puntuaciones

No has intentado esta prueba.